Central Library OPAC University of Rajshahi

Woman's contribution to homestead agricultural production systems in bangladesh / (Record no. 56463)

MARC details
000 -LEADER
fixed length control field 00686nam a2200217 a 4500
001 - CONTROL NUMBER
control field 56463
003 - CONTROL NUMBER IDENTIFIER
rucl marc code BD-RjUL
005 - DATE AND TIME OF LATEST TRANSACTION
control field 20211209080410.0
008 - FIXED-LENGTH DATA ELEMENTS--GENERAL INFORMATION
fixed length control field 161129s1988 b ||||| |||| 00| 0 eng d
020 ## - INTERNATIONAL STANDARD BOOK NUMBER
Terms of availability Tk. 150.00
035 ## - SYSTEM CONTROL NUMBER
System control number (BD-RjUL)56587
040 ## - CATALOGING SOURCE
Original cataloging agency BD-RjUL
Language of cataloging eng
Transcribing agency BD-RjUL
Modifying agency BD-RjUL
041 ## - LANGUAGE CODE
Language code of text/sound track or separate title eng
082 ## - DEWEY DECIMAL CLASSIFICATION NUMBER
Edition number 23
Classification number 338.763
Author mark and year WOM 1988
245 10 - TITLE STATEMENT
Title Woman's contribution to homestead agricultural production systems in bangladesh /
Statement of responsibility, etc. Md.Sahadad hussain ...[et al ]
260 ## - PUBLICATION, DISTRIBUTION, ETC. (IMPRINT)
Place of publication, distribution, etc. Bangladesh :
Name of publisher, distributor, etc. Academy for rural development,
Date of publication, distribution, etc. 1988
300 ## - PHYSICAL DESCRIPTION
Pagination xiii, 344 p. :
Illustrations ill. ;
Size 24 cm.
650 ## - SUBJECT ADDED ENTRY--TOPICAL TERM
Topical term or geographic name as entry element Agriculture
9 (RLIN) 167942
700 ## - ADDED ENTRY--PERSONAL NAME
Personal name hussainMd. Sahadad
942 ## - ADDED ENTRY ELEMENTS (KOHA)
Source of classification or shelving scheme Dewey Decimal Classification
Koha item type Books
Holdings
Lost status Source of classification or shelving scheme Damaged status Not for loan Collection code Permanent Location Current Location Shelving location Date acquired Source of acquisition Cost, normal purchase price Total Checkouts Full call number Date last seen Copy number Koha item type
  Dewey Decimal Classification     Non-fiction Central Library, University of Rajshahi Central Library, University of Rajshahi   28/10/2007 Comilla, Ban.poli. union ecademy 150.00   338.763 WOM 1988 29/11/2016 C-2 Books